000 00725nam a2200229Ia 4500
001 9847
003 GE_BSU
008 181216s||||||||xx |||||||||||||| ||und||
020 _a9789994093199
040 _cGE_BSU
080 _a821.353.1–1
100 _aაბაშიძე,ირაკლი
245 _aასი ლექსი
245 _cშემდგ.ირინე აბაშიძე.საგამნომც.პროექტის ავტ.კახმეგ კუდავა
260 _aთბილისი
260 _bინტელექტი
260 _c2007
300 _a184გვ.20სმ.
541 _h5ლ.70თ.
653 _aასი ლექსი
942 _cBK
999 _c43126
_d43126